<?xml version="1.0" encoding="UTF-8"?>
<collection xmlns="http://www.loc.gov/MARC21/slim">
    <record>
        <controlfield tag="001">57757</controlfield>
        <controlfield tag="005">20161213122924.0</controlfield>
        <datafield tag="024" ind1="8" ind2=" ">
            <subfield code="2">sideral</subfield>
            <subfield code="a">96947</subfield>
        </datafield>
        <datafield tag="037" ind1=" " ind2=" ">
            <subfield code="a">ART-2015-96947</subfield>
        </datafield>
        <datafield tag="041" ind1=" " ind2=" ">
            <subfield code="a">spa</subfield>
        </datafield>
        <datafield tag="100" ind1=" " ind2=" ">
            <subfield code="a">Martín Pena, Daniel</subfield>
        </datafield>
        <datafield tag="245" ind1=" " ind2=" ">
            <subfield code="a">De las primeras experiencias radiofónicas universitarias en Latinoamérica y España al trabajo asociativo y colaborativo</subfield>
        </datafield>
        <datafield tag="260" ind1=" " ind2=" ">
            <subfield code="c">2015</subfield>
        </datafield>
        <datafield tag="506" ind1="0" ind2=" ">
            <subfield code="a">Access copy available to the general public</subfield>
            <subfield code="f">Unrestricted</subfield>
        </datafield>
        <datafield tag="520" ind1="3" ind2=" ">
            <subfield code="a">Las radios universitarias resultan ser un medio alternativo al sistema radiodifusor en cada uno de los países en los que se desarrollan, planteando otro tipo de contenidos. A lo largo de este artículo pretendemos acercarnos a las primeras experiencias radiofónicas universitarias de Latinoamérica, donde, en países como Argentina o Chile, existen este tipo de emisoras desde mediados de los años 20. No en vano en el 2014, se ha celebrado el 90 aniversario de la primera radio universitaria de Latinoamérica, Radio Universidad Nacional de La Plata. Sin embargo, en España esta tradición es mucho más reciente, nada que ver con lo sucedido en esos países del cono sur del continente americano. La primera experiencia española es la desarrollada en la Universidad Nacional de Educación a Distancia. Radio UNED que ha conmemorado, también, en ese mismo año, su 40 aniversario. Esos fueron los inicios, marcados por experiencias particulares. Sin embargo, la situación actual se caracteriza por la unión de las emisoras en redes o asociaciones de colaboración nacionales e incluso, como en el caso de Iberoamérica, transnacionales. La constitución de estas redes ha propiciado una expansión del fenómeno de la radio universitaria en los últimos años.</subfield>
        </datafield>
        <datafield tag="540" ind1=" " ind2=" ">
            <subfield code="9">info:eu-repo/semantics/openAccess</subfield>
            <subfield code="a">All rights reserved</subfield>
            <subfield code="u">http://www.europeana.eu/rights/rr-f/</subfield>
        </datafield>
        <datafield tag="655" ind1=" " ind2="4">
            <subfield code="a">info:eu-repo/semantics/article</subfield>
            <subfield code="v">info:eu-repo/semantics/publishedVersion</subfield>
        </datafield>
        <datafield tag="700" ind1=" " ind2=" ">
            <subfield code="0">(orcid)0000-0002-0004-1094</subfield>
            <subfield code="a">Marta Lazo, Carmen María</subfield>
            <subfield code="u">Universidad de Zaragoza</subfield>
        </datafield>
        <datafield tag="700" ind1=" " ind2=" ">
            <subfield code="a">Ortiz Sobrino, Miguel Ángel</subfield>
        </datafield>
        <datafield tag="710" ind1="2" ind2=" ">
            <subfield code="1">3010</subfield>
            <subfield code="2">105</subfield>
            <subfield code="a">Universidad de Zaragoza</subfield>
            <subfield code="b">Departamento de Lingüística General e Hispánica</subfield>
            <subfield code="c">Comunicación Audiovisual y Publicidad</subfield>
        </datafield>
        <datafield tag="773" ind1=" " ind2=" ">
            <subfield code="g">1, 21 (2015), 81-94</subfield>
            <subfield code="p">F@ro</subfield>
            <subfield code="t">F@ro</subfield>
            <subfield code="x">0718-2023</subfield>
        </datafield>
        <datafield tag="856" ind1="4" ind2=" ">
            <subfield code="s">343507</subfield>
            <subfield code="u">http://zaguan.unizar.es/record/57757/files/texto_completo.pdf</subfield>
            <subfield code="y">Versión publicada</subfield>
        </datafield>
        <datafield tag="856" ind1="4" ind2=" ">
            <subfield code="s">66858</subfield>
            <subfield code="u">http://zaguan.unizar.es/record/57757/files/texto_completo.jpg?subformat=icon</subfield>
            <subfield code="x">icon</subfield>
            <subfield code="y">Versión publicada</subfield>
        </datafield>
        <datafield tag="909" ind1="C" ind2="O">
            <subfield code="o">oai:zaguan.unizar.es:57757</subfield>
            <subfield code="p">articulos</subfield>
            <subfield code="p">driver</subfield>
        </datafield>
        <datafield tag="951" ind1=" " ind2=" ">
            <subfield code="a">2016-12-12-13:47:26</subfield>
        </datafield>
        <datafield tag="980" ind1=" " ind2=" ">
            <subfield code="a">ARTICLE</subfield>
        </datafield>
    </record>

    
</collection>